Химия. Ответы на вопросы: Теория и примеры решения задач для абитуриентов и учащихся 11 классов

Bibliografiske detaljer
Hovedforfatter: Кузьменко Н. Е. Николай Егорович
Andre forfattere: Еремин В. В. Вадим Владимирович
Sprog:russisk
Udgivet: Москва, 1 Федеративная Книготорговая Компания, 1997
Serier:Экзамен
Fag:
Format: MixedMaterials Bog
KOHA link:https://koha.lib.tpu.ru/cgi-bin/koha/opac-detail.pl?biblionumber=5695

MARC

LEADER 00000nam0a2200000 4500
001 5695
005 20231101204435.0
010 |a 578140015X 
035 |a (RuTPU)RU\TPU\book\5723 
035 |a BOOK00005775 
090 |a 5695 
100 |a 20011209d1997 m y0rusy50 ca 
101 0 |a rus 
102 |a RU 
105 |a y j 000zy 
200 1 |a Химия. Ответы на вопросы  |e Теория и примеры решения задач для абитуриентов и учащихся 11 классов  |f Н. Е. Кузьменко, В. В. Еремин 
210 |a Москва  |c 1 Федеративная Книготорговая Компания  |d 1997 
215 |a 255 с. 
225 1 |a Экзамен 
606 1 |a Химия  |2 stltpush  |3 (RuTPU)RU\TPU\subj\17362  |9 43035 
610 1 |a задачи 
610 1 |a решения 
610 1 |a вопросы 
610 1 |a ответы 
610 1 |a учебные пособия 
675 |a 54(076)  |v 3 
700 1 |a Кузьменко  |b Н. Е.  |g Николай Егорович 
701 1 |a Еремин  |b В. В.  |g Вадим Владимирович 
801 0 |a RU  |b 63413507  |c 20011209  |g PSBO 
801 2 |a RU  |b 63413507  |c 20141117  |g PSBO 
942 |c BK